Statistiques concernant Mot mystérieux - Série 37

Cliquez ici pour prendre le quiz!

Statistiques générales

  • Ce quiz a été pris 75 fois
  • Le résultat moyen est 5 sur 10

Statistiques - réponses

IndicesMot% Correct
crème - bout - Bruxelles - blancChou
94%
confiance - tierce- morale - aidePersonne
73%
paille - main - affaires - femmesHomme
63%
housse - bain - lit - mortuaireDrap
59%
rouge - vent - café - poivreMoulin
50%
coup - chaleur - essence - relevagePompe
44%
âne - sac - cuillère - compoteDos
41%
gaz - carnaval - oxygène - ferMasque
39%
joie - pair - mère - salleFille
30%
jeu - anonyme - véhicule - archipelSociété
11%

Distribution des résultats

Percentile par nombre de réponses

% des personnes avec chaque résultat

Votre développement - résultats

Vous n’avez pas pris ce quiz